Гербовете на държавите в Азия - Statistics

General Stats
  • This quiz has been taken 34 times
  • The average score is 32 of 48
Answer Stats
Picture Answer % Correct
Виетнам
93%
Турция
93%
Сингапур
93%
Казахстан
93%
Източен Тимор
93%
Ливан
87%
Филипини
87%
Южна Корея
80%
Непал
80%
Иран
80%
Катар
80%
Китай
73%
Пакистан
73%
Узбекистан
73%
Туркменистан
73%
Оман
73%
Сирия
73%
Бруней
73%
Киргизстан
73%
Израел
67%
Азербайджан
67%
Ирак
67%
Таджикистан
67%
Северна Корея
67%
Бахрейн
67%
Шри Ланка
67%
Монголия
67%
Мианмар
60%
Кипър
60%
Малдиви
60%
Йемен
60%
ОАЕ
60%
Афганистан
60%
Япония
53%
Грузия
53%
Бутан
53%
Малайзия
53%
Саудитска Арабия
53%
Индия
53%
Йордания
53%
Кувейт
53%
Тайван
53%
Тайланд
53%
Армения
53%
Бангладеш
47%
Индонезия
47%
Лаос
47%
Камбоджа
40%
No matching quizzes found
Score Distribution
Percent of People with Each Score
Percentile by Number Answered
Your Score History
You have not taken this quiz